000 00250nam a2200109Ia 4500
008 190912s9999||||xx |||||||||||||| ||und||
100 _aElmore,Patricia B.
245 0 _aStatistics
260 _aNew york
_bEducation
_c1639
300 _a242
942 _cBK
999 _c7654
_d7654